| 000 | 00986cam a22002414a 4500 | ||
|---|---|---|---|
| 005 | 20250605164259.0 | ||
| 008 | 250528s ||||||||||||||||||||||||d | ||
| 035 | _a22008 | ||
| 020 | _a9780137144136 | ||
| 040 |
_aGR-AtMCL _bgre _dGR-AtMCL _eAACR2 |
||
| 245 | 1 | _aOPERATIONS MANAGEMENT / Processes and Value Chains | |
| 250 | _a8 | ||
| 260 |
_bPrentice Hall, _c2007 |
||
| 300 | _a727 | ||
| 505 | 0 | _aOPERATIONS MANAGEMENT CHAINS DECISION MAKING OPERATIONS STRATEGY ΔΙΑΧΕΙΡΗΣΗ ΛΕΙΤΟΥΡΓΙΩΝ ΑΛΥΣΙΔΕΣ ΛΗΨΗ ΑΠΟΦΑΣΕΩΝ ΣΤΡΑΤΗΓΙΚΗ ΛΕΙΤΟΥΡΓΙΩΝ | |
| 520 | _aOPERATIONS MANAGEMENT CHAINS DECISION MAKING OPERATIONS STRATEGY ΔΙΑΧΕΙΡΗΣΗ ΛΕΙΤΟΥΡΓΙΩΝ ΑΛΥΣΙΔΕΣ ΛΗΨΗ ΑΠΟΦΑΣΕΩΝ ΣΤΡΑΤΗΓΙΚΗ ΛΕΙΤΟΥΡΓΙΩΝ | ||
| 700 | 1 |
_aKrajewski Lee J _96612 |
|
| 700 | 1 |
_aMalhotra Manoj K _97879 |
|
| 700 | 1 |
_aRitzman Larry P _96613 |
|
| 942 | _cBK | ||
| 999 |
_c7064 _d7064 |
||